LEADER 01150nam a2200265 i 4500 001 000000160092 003 CaOOAMICUS 005 20260424155035.0 008 070312s1989 it u000 u ita u 020 $a88-18-01049-2 040 $aSeMil$bita 100 1 $aAcquaviva, Gennaro.$0(OLS)http://semarc/name/40175 245 12$aI colori della speranza :$bcattolici e socialisti di fronte ai problemi della società moderna /$cGennaro Acquaviva. 260 $aMilano :$bRusconi,$c1989. 300 $a178 p. ;$c22 cm. 650 4$aChiesa e politica.$0(OLS)http://semarc/subject/93 650 4$aSocialismo e cattolicesimo - Sec. 20.$0(OLS)http://semarc/subject/60097 850 $aSeMil 852 $aSeMil$W1$xVenegono$y1$m3N III 779$j270942$B111570$CSeMilBibl$Z2$F121455 $81 941 1 $a3 961 $aLascito: Colombo Card. Giovanni 996 $6020$a88-18-01049-2$9(OLS)http://semarc/number/75774 996 $6245$aI colori della speranza :$bcattolici e socialisti di fronte ai problemi della società moderna$9(OLS)http://semarc/title/142472 996 $6260$aMilano :$bRusconi$9(OLS)http://semarc/publisher/30258